00991pam a2200265 a 4500999001500000001000500015003000900020005001700029008004100046020003200087020001500119040002800134082001800162100002500180245008000205250002700285260003700312300004600349490007500395504006400470650002500534700002000559942001200579952013400591 c5474d54749874BD-DhUAP20201212153313.0201211s1994 nyua b 001 0 eng  a007911816X (acidfree paper) a0071139184 aDLCcDLCdBD-DhUAPbeng00a692.5 SCH2231 aSchuette, Stephen D.10aBuilding construction estimating /cStephen D. Schuette and Roger W. Liska. aInternational edition. aNew York :bMcGraw-Hill,cc1994. axvi, 346 pages :billustrations ;c24 cm. aMcGraw-Hill series in construction engineering and project management. aIncludes bibliographical references (p. 339-341) and index. 0aBuildingxEstimates.1 aLiska, Roger W. 2ddccBK 00102ddc4070aUAPCLbUAPCLcGeneral Stacksd2020-12-12l1m2o692.5 SCHp3010009874r2024-02-07s2023-12-20t1w2020-12-12yBK